[Event "Sparkassen-Open J"]
[Site "Heusenstamm, Martinsee"]
[Date "2023.11.24"]
[Round "1.26"]
[White "Zargaran, Paya"]
[Black "Lao, Theodora Siyuan"]
[Result "0-1"]
[WhiteElo "793"]
[BlackElo "1153"]
[PlyCount "132"]
[EventDate "2023.??.??"]
[WhiteTeam "VSG 1880 Offenbach"]
[BlackTeam "SK Bad Homburg 1927"]

1. e4 e5 2. Nf3 Nc6 3. Nc3 Nf6 4. Bc4 d6 5. O-O g6 6. d3 Bg7 7. Bg5 O-O 8. Bb5 Bg4 9. h3 Be6 10. Bc4 Qd7 11. Bxe6 fxe6 12. d4 Rae8 13. dxe5 dxe5 14. Bxf6 Qxd1 15. Rfxd1 Bxf6 16. Rd7 Re7 17. Rad1 Rxd7 18. Rxd7 Rf7 19. Rxf7 Kxf7 20. Nb5 Nb4 21. Nxc7 Nxc2 22. Nb5 a6 23. Nd6+ Ke7 24. Nxb7 Nb4 25. a3 Nd3 26. b4 h5 27. Nc5 Nxc5 28. bxc5 Kd7 29. Nd2 Kc6 30. Nb3 a5 31. a4 g5 32. Kf1 Be7 33. Ke2 Bxc5 34. Nxc5 Kxc5 35. Kd2 Kd4 36. f3 Kc4 37. Kc2 Kb4 38. Kb2 Kxa4 39. Ka2 Kb4 40. Ka1 Kc3 41. Ka2 Kc2 42. Ka3 Kd2 43. Ka4 Ke2 44. g4 h4 45. Kxa5 Kxf3 46. Kb4 Kxe4 47. Kc3 Kf3 48. Kd2 e4 49. Ke1 e3 50. Kd1 e2+ 51. Ke1 e5 52. Kd2 Kf2 53. Kd3 e1=Q 54. Kc4 Qd2 55. Kc5 Qd3 56. Kc6 Qd4 57. Kc7 Qd5 58. Kc8 Qd6 59. Kb7 Qc5 60. Kb8 Qc6 61. Ka7 Ke3 62. Kb8 Kd4 63. Ka7 Kc5 64. Kb8 Qd7 65. Ka8 Kc6 66. Kb8 Qb7# 0-1

[Event "Sparkassen-Open J"]
[Site "Heusenstamm, Martinsee"]
[Date "2023.11.24"]
[Round "1.27"]
[White "Wolf, Adam"]
[Black "Selvaraj, Vibhaakar"]
[Result "1-0"]
[WhiteElo "1144"]
[BlackElo "748"]
[PlyCount "95"]
[EventDate "2023.??.??"]
[WhiteTeam "Vorw.Orient Mainz"]
[BlackTeam "VSG 1880 Offenbach"]

1. e4 e5 2. Nf3 Nc6 3. d4 Bd6 4. d5 Nce7 5. c4 Bb4+ 6. Bd2 c5 7. Nxe5 Nh6 8. a3 Ba5 9. b4 cxb4 10. axb4 Bb6 11. d6 Nc6 12. Nxc6 Qf6 13. c5 Bd8 14. Bc3 Qf4 15. Bxg7 Rg8 16. Bxh6 Qxh6 17. Nxd8 Kxd8 18. Nc3 Rg6 19. Qd2 Qh5 20. Be2 Qh4 21. g3 Qh3 22. Qf4 Re6 23. Qh4+ Qxh4 24. gxh4 b6 25. cxb6 axb6 26. Rxa8 Rxd6 27. Ba6 Rc6 28. Rxc8+ Rxc8 29. Bxc8 Kxc8 30. O-O Kc7 31. Nd5+ Kc6 32. Rc1+ Kb5 33. Rc7 Ka4 34. Rxd7 Kb3 35. Rxf7 Kc4 36. Rxh7 Kd4 37. h5 Kxe4 38. h6 Kxd5 39. Rg7 Kc4 40. h7 Kxb4 41. h8=Q Ka5 42. Ra7+ Kb5 43. Qe5+ Kc4 44. Ra4+ Kd3 45. Qe3+ Kc2 46. Ra2+ Kb1 47. Qe2 b5 48. Qc2# 1-0

[Event "Sparkassen-Open J"]
[Site "Heusenstamm, Martinsee"]
[Date "2023.11.25"]
[Round "2.1"]
[White "Sautner, Sascha"]
[Black "Müller, Konstantin"]
[Result "0-1"]
[WhiteElo "1219"]
[BlackElo "1614"]
[PlyCount "88"]
[EventDate "2023.??.??"]
[WhiteTeam "SK 1912 Ludwigshafen"]
[BlackTeam "SK Münster 32 e. V."]

1. d4 Nf6 2. Bf4 e6 3. Nf3 d5 4. e3 c5 5. c3 Nc6 6. Nbd2 c4 7. a4 Be7 8. h3 O-O 9. Be2 Bd7 10. Qc2 a6 11. O-O b5 12. axb5 axb5 13. e4 b4 14. exd5 exd5 15. Rfe1 b3 16. Rxa8 Qxa8 17. Qb1 Qa4 18. Nf1 Ne4 19. Ng3 Nxg3 20. Bxg3 Ra8 21. Ne5 Nxe5 22. Bxe5 Qa2 23. Qc1 Qa6 24. Bf3 Be6 25. Bf4 Bd6 26. Bxd6 Qxd6 27. Re5 f6 28. Re1 Bf7 29. Qd2 Ra2 30. g3 Qa3 31. Re2 Qd6 32. Qe3 Qd7 33. Bg4 f5 34. Bf3 h6 35. h4 Ra6 36. Qf4 Kh7 37. Re5 g6 38. h5 g5 39. Qxf5+ Qxf5 40. Rxf5 Kg7 41. Re5 Ra2 42. Re2 Kf6 43. g4 Bg8 44. Bxd5 Bxd5 0-1

[Event "Sparkassen-Open J"]
[Site "Heusenstamm, Martinsee"]
[Date "2023.11.25"]
[Round "2.2"]
[White "Shanawaz Thabrez, Shahzaib"]
[Black "Gao, Chen Fan"]
[Result "1-0"]
[WhiteElo "1463"]
[BlackElo "1208"]
[PlyCount "51"]
[EventDate "2023.??.??"]
[WhiteTeam "SK Langen"]
[BlackTeam "SC Rotenburg"]

1. e4 c5 2. Nf3 d6 3. d4 cxd4 4. Nxd4 Nc6 5. Bc4 Nf6 6. Nc3 g6 7. f3 Bg7 8. Be3 a6 9. Qd2 h6 10. O-O-O Bd7 11. Bb3 Nxd4 12. Bxd4 O-O 13. g4 Kh7 14. h4 h5 15. gxh5 Nxh5 16. Bxg7 Kxg7 17. Rhg1 Be6 18. Bxe6 fxe6 19. Qg5 Nf4 20. h5 Qe8 21. Rg4 e5 22. hxg6 Nxg6 23. Rdg1 Rxf3 24. Qh5 Kf8 25. Rxg6 Qf7 26. Qh8+ 1-0

[Event "Sparkassen-Open J"]
[Site "Heusenstamm, Martinsee"]
[Date "2023.11.25"]
[Round "2.3"]
[White "Milman, Sophie"]
[Black "Wolf, Noah"]
[Result "0-1"]
[WhiteElo "1184"]
[BlackElo "1567"]
[PlyCount "92"]
[EventDate "2023.??.??"]
[WhiteTeam "VSG 1880 Offenbach"]
[BlackTeam "Vorw.Orient Mainz"]

1. e4 c5 2. Nc3 Nc6 3. f4 e6 4. Nf3 Nge7 5. d4 cxd4 6. Nxd4 g6 7. Be3 Bg7 8. Bc4 O-O 9. O-O Qb6 10. Nce2 d5 11. exd5 Nxd5 12. Bxd5 exd5 13. Rb1 Re8 14. Bf2 Qa6 15. Nc3 Qc4 16. Nxc6 bxc6 17. Re1 Ba6 18. Rxe8+ Rxe8 19. Qd3 Qxd3 20. cxd3 Bxd3 21. Rd1 Bc4 22. a3 Rb8 23. Na4 Bb3 24. Bxa7 Bxd1 25. Bxb8 Bxa4 26. Be5 Bxe5 27. fxe5 Kf8 28. Kf2 Ke7 29. Ke3 Ke6 30. Kd4 h5 31. g3 g5 32. h4 g4 33. b4 Bb5 34. a4 Bxa4 35. b5 cxb5 36. Kd3 Kxe5 37. Ke3 d4+ 38. Kd2 Ke4 39. Ke2 d3+ 40. Kd2 Kd4 41. Ke1 Ke3 42. Kf1 d2 43. Kg1 Kf3 44. Kh2 Kf2 45. Kh1 d1=Q+ 46. Kh2 Qg1# 0-1

[Event "Sparkassen-Open J"]
[Site "Heusenstamm, Martinsee"]
[Date "2023.11.25"]
[Round "2.4"]
[White "Will, Elina"]
[Black "Faisz, David"]
[Result "1-0"]
[WhiteElo "1325"]
[BlackElo "1161"]
[PlyCount "77"]
[EventDate "2023.??.??"]
[WhiteTeam "TuS Makkabi Wiesbaden"]
[BlackTeam "SK 1926 Ettlingen"]

1. e4 e6 2. d4 d5 3. exd5 exd5 4. Bd3 Nf6 5. Nf3 c5 6. c3 Nc6 7. Be3 c4 8. Bc2 Be6 9. Nbd2 Bd6 10. O-O O-O 11. Re1 Qb6 12. Qc1 Ng4 13. h3 Nxe3 14. Rxe3 Bf4 15. Re2 Rae8 16. Ba4 Nxd4 17. Nxd4 Re7 18. Qc2 Qa6 19. Rae1 Rb8 20. Qd1 Bd6 21. N2f3 Kf8 22. Ng5 h6 23. Ngxe6+ fxe6 24. Nxe6+ Kg8 25. Qxd5 Kh8 26. Bb5 Qb6 27. Bxc4 Kh7 28. Bd3+ Kh8 29. Qf5 g6 30. Qf6+ Kg8 31. Qxg6+ Kh8 32. Qxh6+ Kg8 33. Qg5+ Kh8 34. Qh5+ Kg8 35. Ng5 Rbe8 36. Rxe7 Rxe7 37. Rxe7 Bxe7 38. Qh7+ Kf8 39. Qf7# 1-0

[Event "Sparkassen-Open J"]
[Site "Heusenstamm, Martinsee"]
[Date "2023.11.25"]
[Round "2.5"]
[White "Filis, Leon"]
[Black "Hasenpflug, Till"]
[Result "0-1"]
[WhiteElo "1205"]
[BlackElo "1350"]
[PlyCount "92"]
[EventDate "2023.??.??"]
[WhiteTeam "SV 1920 Hofheim"]
[BlackTeam "SK Bad Homburg 1927"]

1. d4 d5 2. Nc3 e6 3. e4 Bb4 4. e5 c5 5. f4 Nc6 6. Nf3 Qb6 7. Be3 Nge7 8. Be2 Nf5 9. Bf2 cxd4 10. a3 Bxc3+ 11. bxc3 Ne3 12. Bxe3 dxe3 13. O-O O-O 14. Kh1 Qc5 15. Qd3 Bd7 16. Rfe1 Rac8 17. c4 dxc4 18. Qxc4 Qxc4 19. Bxc4 Ne7 20. Bd3 Nd5 21. g3 Rc3 22. Nh4 Bc6 23. Kg1 Rd8 24. Ng2 g6 25. Nxe3 Nxe3 26. Rxe3 Bb5 27. Rd1 Rxa3 28. Kf2 Bxd3 29. Rexd3 Raxd3 30. Rxd3 Rxd3 31. cxd3 a5 32. Ke2 a4 33. Kd2 b5 34. Kc2 b4 35. Kb2 Kf8 36. Kc2 Ke7 37. Kb2 Kd7 38. Kc2 Kc6 39. Kb2 Kd5 40. Kc2 Kd4 41. Kb2 Kxd3 42. Ka2 Kc2 43. Ka1 b3 44. h4 b2+ 45. Ka2 b1=Q+ 46. Ka3 Qb3# 0-1

[Event "Sparkassen-Open J"]
[Site "Heusenstamm, Martinsee"]
[Date "2023.11.25"]
[Round "2.6"]
[White "Lao, Theodora Siyuan"]
[Black "Nguyen, Minh An"]
[Result "0-1"]
[WhiteElo "1153"]
[BlackElo "1411"]
[Annotator "Schloessner,Henrik"]
[PlyCount "130"]
[EventDate "2023.??.??"]
[WhiteTeam "SK Bad Homburg 1927"]
[BlackTeam "SV 1920 Hofheim"]

{[%evp 0,120,30,30,80,68,68,72,87,40,18,41,36,50,33,4,32,-29,-34,-31,-32,-35,-28,-41,-32,-39,-13,-38,-3,-6,-3,-11,28,3,21,-13,-9,-35,-18,-187,-172,-171,-176,-164,-194,-199,-162,-167,-176,-171,-180,-172,-145,-127,-125,-126,-111,-117,-109,-108,-111,-149,-143,-169,-160,-169,-143,-190,-168,-204,-238,-238,-206,-200,-179,-194,-117,-118,-125,-127,-134,-134,-138,-138,-138,-150,-150,-175,-154,-186,-151,-152,-149,-179,-195,-223,-227,-253,-255,-311,-372,-390,-396,-491,-490,-832,-950,-1002,-982,-1015,-1243,-1293,-1779,-1924,-1924,-2352,-2338,-29989,-29990,-29991,-29992,-29993,-29992]} 1. e4 d6 2. d4 Nf6 3. Nc3 g6 4. g3 Bg7 5. Bg2 O-O 6. Nge2 e5 7. O-O Nc6 8. Be3 Ng4 9. d5 Nxe3 10. fxe3 Ne7 11. a4 Bh6 12. Qd3 f5 13. b3 fxe4 14. Nxe4 Nf5 15. Rf3 Qe7 16. c4 Bd7 17. b4 a6 18. b5 Bxe3+ 19. Kh1 axb5 20. cxb5 Bb6 21. N2c3 Nd4 22. Rff1 Ba5 23. Ne2 Nxe2 24. Qxe2 Bf5 25. Qc4 Bxe4 26. Bxe4 Rxf1+ 27. Rxf1 Rf8 28. Bg2 Rxf1+ 29. Qxf1 e4 30. Qe2 e3 31. Bh3 Qe4+ 32. Bg2 Qb1+ 33. Bf1 Qe4+ 34. Qg2 Qxa4 35. Qf3 Qd4 36. Bh3 Qa1+ 37. Qf1 Qxf1+ 38. Bxf1 Kf7 39. Kg2 Kf6 40. Kf3 Ke5 41. Kxe3 Kxd5 42. Kf4 Bd2+ 43. Kg4 Kc5 44. h4 h6 45. Bd3 d5 46. Bxg6 Kxb5 47. Kf3 c5 48. g4 c4 49. g5 Bxg5 50. hxg5 hxg5 51. Kg4 d4 52. Kxg5 d3 53. Be8+ Kb4 54. Bh5 c3 55. Kf4 c2 56. Ke3 Kc3 57. Kf2 c1=Q 58. Kf3 Qd1+ 59. Ke4 Qxh5 60. Ke3 Qe5+ 61. Kf3 d2 62. Kf2 d1=Q 63. Kg2 Qf5 64. Kg3 Qdg4+ 65. Kh2 Qfh5# 0-1

[Event "Sparkassen-Open J"]
[Site "Heusenstamm, Martinsee"]
[Date "2023.11.25"]
[Round "2.7"]
[White "Beier, Martin"]
[Black "Wolf, Adam"]
[Result "0-1"]
[WhiteElo "1321"]
[BlackElo "1144"]
[PlyCount "82"]
[EventDate "2023.??.??"]
[WhiteTeam "SK Bad Homburg 1927"]
[BlackTeam "Vorw.Orient Mainz"]

1. e4 c6 2. d4 d5 3. e5 Bf5 4. h4 e6 5. g4 Be4 6. f3 Bg6 7. h5 Bxh5 8. Rxh5 Be7 9. Be3 Bh4+ 10. Bf2 Bxf2+ 11. Kxf2 Ne7 12. Bd3 g6 13. Rh1 Qb6 14. Nd2 Qxd4+ 15. Kg2 Qxe5 16. c3 Nd7 17. Qe1 Qf6 18. Qh4 Qf4 19. Qf2 Ne5 20. Nh3 Qf6 21. Bc2 Nc8 22. Rae1 Nd7 23. g5 Qe7 24. Qg3 Nd6 25. Qe5 Nxe5 26. Rxe5 Nc4 27. Nxc4 dxc4 28. Nf4 O-O-O 29. Kg3 Rd6 30. Bxg6 f6 31. Re2 fxg5 32. Nxe6 Kb8 33. Bf5 h5 34. Rhe1 h4+ 35. Kg4 Qf7 36. Nxg5 Qh5+ 37. Kf4 h3 38. Nxh3 Qh4+ 39. Ke5 Rd5+ 40. Ke6 Rh6+ 41. Kf7 Qf6+ 0-1

[Event "Sparkassen-Open J"]
[Site "Heusenstamm, Martinsee"]
[Date "2023.11.25"]
[Round "2.8"]
[White "Vasudevan, Ananya"]
[Black "Gao, Chenzhuo (Jonathan)"]
[Result "0-1"]
[WhiteElo "1126"]
[BlackElo "1301"]
[PlyCount "70"]
[EventDate "2023.??.??"]
[WhiteTeam "SK Langen"]
[BlackTeam "SC Rotenburg"]

1. d4 g6 2. Nc3 Bg7 3. e4 d6 4. Nf3 e6 5. Be3 Nd7 6. Be2 b6 7. O-O Bb7 8. Bd3 a6 9. Re1 Ne7 10. Qd2 h5 11. h3 c5 12. dxc5 Nxc5 13. Bf4 Nxd3 14. Qxd3 e5 15. Bh2 O-O 16. Rad1 Nc8 17. Nd2 f5 18. exf5 gxf5 19. f4 e4 20. Qg3 Kh7 21. Kh1 Rg8 22. Qe3 Bxc3 23. Qxc3 e3 24. Qxe3 Bxg2+ 25. Kg1 Bf3+ 26. Kf2 Bxd1 27. Rxd1 Ne7 28. Qe6 b5 29. Re1 Rg7 30. Bg3 Qb6+ 31. Kg2 Rag8 32. Kh2 Rxg3 33. Qxe7+ R8g7 34. Qe2 Qd4 35. Nf1 Qg1# 0-1

[Event "Sparkassen-Open J"]
[Site "Heusenstamm, Martinsee"]
[Date "2023.11.25"]
[Round "2.9"]
[White "Shanmuganathan, Adhav"]
[Black "Glavev, Victor"]
[Result "1-0"]
[WhiteElo "1141"]
[BlackElo "1139"]
[PlyCount "69"]
[EventDate "2023.??.??"]
[WhiteTeam "SV 1934 Ffm-Griesheim"]
[BlackTeam "SK Bad Homburg 1927"]

1. e4 e5 2. Nf3 Nc6 3. Bc4 Bc5 4. c3 Nf6 5. d4 exd4 6. cxd4 Bb4+ 7. Bd2 d6 8. Bxb4 Nxb4 9. Qa4+ Nc6 10. d5 a6 11. dxc6 b5 12. Bxb5 Bg4 13. Nbd2 axb5 14. Qxb5 Rb8 15. Qg5 Bxf3 16. gxf3 O-O 17. Rg1 g6 18. h4 Nh5 19. Qxh5 Kh8 20. Qh6 Qf6 21. h5 Rg8 22. hxg6 fxg6 23. Rh1 Rg7 24. Rd1 Kg8 25. b3 Rf7 26. Ke2 Rb4 27. Qh3 Rb5 28. Rdg1 Rh5 29. Qxh5 Kf8 30. Qh3 d5 31. Qc8+ Kg7 32. Rxh7+ Kxh7 33. Rh1+ Qh4 34. Rxh4+ Kg7 35. Qh8# 1-0

[Event "Sparkassen-Open J"]
[Site "Heusenstamm, Martinsee"]
[Date "2023.11.25"]
[Round "2.10"]
[White "Dorfner, Georg"]
[Black "Noll, Raphael"]
[Result "0-1"]
[WhiteElo "1084"]
[BlackElo "1387"]
[PlyCount "49"]
[EventDate "2023.??.??"]
[WhiteTeam "TV-Großostheim 1900 e.V."]
[BlackTeam "SK Marburg 1931/72"]

1. e4 e5 2. Nf3 Nf6 3. Nxe5 d6 4. Nf3 Nxe4 5. Qe2 Qe7 6. d3 Nf6 7. Bg5 Qxe2+ 8. Bxe2 Be7 9. O-O Nc6 10. Nc3 Be6 11. Rad1 O-O 12. d4 Nd5 13. Bxe7 Ncxe7 14. Nxd5 Nxd5 15. b3 Nc3 16. Rd2 Nxa2 17. Ra1 Nc3 18. Bd3 Bd5 19. Nh4 a6 20. Nf5 Rfe8 21. f3 g6 22. Ng3 Re7 23. b4 Rae8 24. Ra3 Nb1 25. Ra1 0-1

[Event "Sparkassen-Open J"]
[Site "Heusenstamm, Martinsee"]
[Date "2023.11.25"]
[Round "2.11"]
[White "Lukas, Olivia"]
[Black "Kovacs, Adam"]
[Result "1-0"]
[WhiteElo "1240"]
[BlackElo "1068"]
[PlyCount "57"]
[EventDate "2023.??.??"]
[WhiteTeam "SF Deizisau"]
[BlackTeam "SK Gründau"]

1. e4 e6 2. d4 d5 3. e5 c5 4. c4 dxc4 5. Bxc4 cxd4 6. Nf3 Bc5 7. Nbd2 Nc6 8. Nb3 Nge7 9. Bg5 Qb6 10. O-O h6 11. Bxe7 Kxe7 12. Qd3 a6 13. Rfd1 Rd8 14. Qh7 Bd7 15. Qxg7 Rg8 16. Qf6+ Ke8 17. Qxh6 Kd8 18. Qf6+ Kc7 19. Qf4 d3 20. Nxc5 Qxc5 21. Rxd3 Qf8 22. Rad1 Rd8 23. Qd2 Nb8 24. Qc2 Nc6 25. Rd6 Qg7 26. g3 Qg4 27. Kg2 Rh8 28. Be2 Rxh2+ 29. Nxh2 1-0

[Event "Sparkassen-Open J"]
[Site "Heusenstamm, Martinsee"]
[Date "2023.11.25"]
[Round "2.12"]
[White "Giegerich, Lenn Valentin"]
[Black "Chen, Lilly"]
[Result "1-0"]
[WhiteElo "1064"]
[BlackElo "1370"]
[PlyCount "101"]
[EventDate "2023.??.??"]
[WhiteTeam "SC Aschaffenburg e.V."]
[BlackTeam "Sfr Stiller Zug Wiesbaden"]

1. e4 c5 2. d4 cxd4 3. c3 dxc3 4. Nxc3 Nc6 5. Bc4 e6 6. Nf3 g6 7. Bf4 Bg7 8. O-O Nge7 9. Qd3 O-O 10. Rfd1 a6 11. Bd6 Re8 12. Ng5 b5 13. Bb3 Nf5 14. exf5 Qxg5 15. fxe6 dxe6 16. Qf3 Bb7 17. Ne4 Qf5 18. Qe2 Na5 19. Bc2 Bxb2 20. Rab1 Bg7 21. g4 Bxe4 22. gxf5 exf5 23. Bxe4 Rxe4 24. Qf3 Rae8 25. Qa3 Ra4 26. Qc1 Rxa2 27. Qc7 Nc4 28. Bg3 Rae2 29. Rd8 Bf8 30. Rxe8 Rxe8 31. Qf4 Bd6 32. Qd4 Bf8 33. Qa7 Re6 34. Kg2 Nd2 35. Rd1 Ne4 36. Rd8 Kg7 37. Rd7 Nd6 38. Bxd6 Bxd6 39. Rxf7+ Kh6 40. Rxh7+ Kg5 41. Qxa6 b4 42. h4+ Kg4 43. Qc4+ Re4 44. f3+ Kf4 45. fxe4 fxe4 46. Rf7+ Ke3 47. Qc1+ Kd3 48. Rd7 e3 49. Rxd6+ Ke2 50. Qc2+ Ke1 51. Rd1# 1-0

[Event "Sparkassen-Open J"]
[Site "Heusenstamm, Martinsee"]
[Date "2023.11.25"]
[Round "2.13"]
[White "Nain, Medhansh"]
[Black "Vasudevan, Krish"]
[Result "1-0"]
[WhiteElo "1283"]
[BlackElo "1055"]
[PlyCount "31"]
[EventDate "2023.??.??"]
[WhiteTeam "SK Bickenbach"]
[BlackTeam "SAbt TuS Makkabi Ffm"]

1. c4 g6 2. d4 Bg7 3. Nc3 e6 4. e4 Ne7 5. Nf3 b6 6. Bg5 Bb7 7. e5 Nbc6 8. Bd3 O-O 9. Qd2 d6 10. exd6 Qxd6 11. Ne4 Qd7 12. Nf6+ Bxf6 13. Bxf6 Na5 14. g4 e5 15. Qh6 Nf5 16. gxf5 1-0

[Event "Sparkassen-Open J"]
[Site "Heusenstamm, Martinsee"]
[Date "2023.11.25"]
[Round "2.14"]
[White "Schwab, Florentin"]
[Black "Wolf, Helena"]
[Result "0-1"]
[WhiteElo "1024"]
[BlackElo "1188"]
[PlyCount "114"]
[EventDate "2023.??.??"]
[WhiteTeam "SC Aschaffenburg e.V."]
[BlackTeam "SK Bad Homburg 1927"]

1. e4 e5 2. Nf3 d6 3. Nc3 Be7 4. Nd5 c6 5. Nxe7 Nxe7 6. c3 O-O 7. d4 exd4 8. cxd4 Nd7 9. Bc4 b5 10. Bb3 Bb7 11. d5 cxd5 12. exd5 Nb6 13. Qd3 a6 14. Bc2 f5 15. Bg5 Qd7 16. Bxe7 Qxe7+ 17. Qe2 Qxe2+ 18. Kxe2 Rae8+ 19. Kd1 Nxd5 20. Bb3 Kh8 21. Re1 Nf4 22. Rg1 d5 23. g3 Ne6 24. Re1 Nc5 25. Rxe8 Rxe8 26. Bc2 Ne4 27. Ke2 Nxg3+ 28. Kd3 Ne4 29. Rf1 g5 30. Nd2 Rc8 31. Nxe4 fxe4+ 32. Kd2 d4 33. Re1 d3 34. Bb3 Kg7 35. Rg1 Kf6 36. Rg4 Kf5 37. Rg3 h5 38. Rh3 h4 39. f3 a5 40. fxe4+ Bxe4 41. a4 b4 42. Kd1 Kf4 43. Kd2 Rh8 44. Bc4 g4 45. Re3 g3 46. hxg3+ hxg3 47. Bxd3 Bxd3 48. Kxd3 g2 49. Re4+ Kg3 50. Re3+ Kh2 51. b3 Rh3 52. Rxh3+ Kxh3 53. Ke4 g1=Q 54. Kd3 Qc1 55. Ke2 Qc3 56. Kf1 Qd2 57. Kg1 Qg2# 0-1

[Event "Sparkassen-Open J"]
[Site "Heusenstamm, Martinsee"]
[Date "2023.11.25"]
[Round "2.15"]
[White "Li, Xiao Teng"]
[Black "Ninnemann, Patrick"]
[Result "1/2-1/2"]
[WhiteElo "1247"]
[BlackElo "1021"]
[PlyCount "58"]
[EventDate "2023.??.??"]
[WhiteTeam "SK Bad Homburg 1927"]
[BlackTeam "Chess Tigers Schach-Förderverein"]

1. e4 e5 2. Nf3 Nc6 3. d4 exd4 4. Bc4 Bc5 5. c3 dxc3 6. Bxf7+ Kxf7 7. Qd5+ Ke8 8. Qh5+ g6 9. Qxc5 cxb2 10. Bxb2 Nf6 11. Nbd2 d6 12. Qe3 h6 13. O-O Ng4 14. Qc3 Rg8 15. h3 Nge5 16. Qb3 Rf8 17. Nxe5 dxe5 18. Rad1 Qg5 19. Nf3 Qf4 20. Ba3 Rf7 21. Qe3 Bxh3 22. Nd2 Qg4 23. Qxh3 Qxh3 24. gxh3 Nd4 25. Bb2 Rd8 26. Ba3 Nf3+ 27. Nxf3 Rxd1 28. Rxd1 Rxf3 29. Bb2 Rxh3 1/2-1/2

[Event "Sparkassen-Open J"]
[Site "Heusenstamm, Martinsee"]
[Date "2023.11.25"]
[Round "2.17"]
[White "Li, Leo Jiayi"]
[Black "Riazi, Dominik"]
[Result "0-1"]
[WhiteElo "1227"]
[BlackElo "997"]
[PlyCount "116"]
[EventDate "2023.??.??"]
[WhiteTeam "SV Oberursel"]
[BlackTeam "SK Bad Homburg 1927"]

1. e4 e5 2. Nf3 Nc6 3. Nc3 Nf6 4. d4 exd4 5. Nxd4 Bb4 6. Nxc6 bxc6 7. Qd4 Bxc3+ 8. Qxc3 O-O 9. Bd3 Re8 10. f3 d5 11. Bg5 Nxe4 12. fxe4 Qxg5 13. Qd2 Qxd2+ 14. Kxd2 dxe4 15. Rhe1 Bf5 16. Bc4 Rad8+ 17. Ke2 e3 18. Kf1 Bxc2 19. Rac1 Be4 20. Rcd1 Rxd1 21. Rxd1 e2+ 22. Bxe2 Bxg2+ 23. Kxg2 Rxe2+ 24. Kf1 Re8 25. Rd7 Rc8 26. Ke2 Kf8 27. Ke3 Ke8 28. Rd4 Rd8 29. Re4+ Kd7 30. Rd4+ Kc8 31. Rf4 Re8+ 32. Re4 Rxe4+ 33. Kxe4 Kd7 34. Kd4 Kd6 35. b4 f5 36. Ke3 Ke5 37. Ke2 g5 38. Ke3 f4+ 39. Kf3 h5 40. h3 Kd4 41. a3 Kc3 42. Ke4 Kb3 43. Kf5 f3 44. Kxg5 f2 45. Kxh5 f1=Q 46. Kg5 Kxa3 47. h4 Kxb4 48. h5 a5 49. h6 Qf8 50. Kg6 a4 51. h7 a3 52. h8=Q Qxh8 53. Kf5 a2 54. Ke4 a1=R 55. Kd3 Qh4 56. Ke3 Ra3+ 57. Kd2 Ra2+ 58. Kc1 Qh1# 0-1

[Event "Sparkassen-Open J"]
[Site "Heusenstamm, Martinsee"]
[Date "2023.11.25"]
[Round "2.19"]
[White "Vranckx, Gabriel"]
[Black "Kesavan, Sarvesh"]
[Result "1/2-1/2"]
[WhiteElo "910"]
[BlackElo "1482"]
[PlyCount "35"]
[EventDate "2023.??.??"]
[WhiteTeam "Sfr.Mainz 1928"]
[BlackTeam "SK Bad Homburg 1927"]

1. e4 e5 2. Nf3 Nc6 3. Bc4 Bc5 4. c3 d6 5. d4 Bb6 6. Bb5 Bd7 7. Bxc6 Bxc6 8. dxe5 dxe5 9. O-O Nf6 10. Nxe5 Nxe4 11. Qg4 Bxf2+ 12. Rxf2 Nxf2 13. Kxf2 Qf6+ 14. Nf3 Bxf3 15. gxf3 Qb6+ 16. Kg3 Qg6 17. Bg5 f6 18. Bf4 1/2-1/2

[Event "Sparkassen-Open J"]
[Site "Heusenstamm, Martinsee"]
[Date "2023.11.25"]
[Round "2.20"]
[White "Avhopulo, Kirill"]
[Black "Pagnozzi, Luca"]
[Result "1-0"]
[WhiteElo "1411"]
[BlackElo "901"]
[PlyCount "71"]
[EventDate "2023.??.??"]
[WhiteTeam "SK Marburg 1931/72"]
[BlackTeam "SV 1920 Hofheim"]

1. c4 e5 2. g3 Nf6 3. Bg2 g6 4. e3 Bg7 5. Ne2 Nc6 6. Nbc3 d6 7. O-O Be6 8. b3 O-O 9. d4 Bg4 10. h3 Bxe2 11. Nxe2 Qd7 12. Bb2 Rab8 13. Qd2 Rfe8 14. d5 Ne7 15. e4 c6 16. Ba3 c5 17. Rab1 b6 18. Bc1 Rbd8 19. a3 Qc7 20. Nc3 h6 21. Nb5 Qb7 22. Re1 a6 23. Nc3 Qc7 24. Bf1 Ra8 25. Be2 Qd7 26. Kg2 Kh7 27. Bd1 Qc8 28. Qd3 Nd7 29. Be3 Nf6 30. b4 a5 31. bxc5 bxc5 32. Nb5 Rb8 33. Nxd6 Qc7 34. Nxe8 Rxe8 35. Rb5 Qd7 36. Ba4 1-0

[Event "Sparkassen-Open J"]
[Site "Heusenstamm, Martinsee"]
[Date "2023.11.25"]
[Round "2.21"]
[White "Kostadinov, Emanuel"]
[Black "Schmidt, Hannes Jakob"]
[Result "1/2-1/2"]
[WhiteElo "1140"]
[BlackElo "900"]
[PlyCount "139"]
[EventDate "2023.??.??"]
[WhiteTeam "Sfr.1932 Kelkheim"]
[BlackTeam "Sport Union Annen e. V."]

1. c4 c5 2. g3 d6 3. Bg2 g6 4. Qa4+ Nd7 5. Nc3 Bg7 6. e3 Ngf6 7. Nge2 O-O 8. O-O Nb6 9. Qb3 a5 10. a4 Be6 11. d3 Qc7 12. Nb5 Qd8 13. Bxb7 Rb8 14. Bg2 d5 15. Nf4 Qd7 16. Nxe6 dxc4 17. dxc4 Qxe6 18. Na3 Qd7 19. Nb1 Nbd5 20. Qa3 Nb4 21. Qb3 Nd3 22. Qc2 Ng4 23. Rd1 Nb4 24. Qe2 Qf5 25. Bh3 h5 26. f3 Qc2 27. Nd2 Nxe3 28. Re1 Nd3 29. Qxe3 Nxe1 30. Qxe1 Rb4 31. Qxe7 Rxa4 32. Rxa4 Qxa4 33. Qe1 Rd8 34. Bf1 Qc2 35. b3 Bh6 36. f4 g5 37. Ne4 Rd1 38. Qe3 Qxc1 39. Qxc1 Rxc1 40. fxg5 Bg7 41. Kf2 Bd4+ 42. Ke2 Rc2+ 43. Kd3 Rc1 44. Bg2 Bg1 45. h3 Rd1+ 46. Kc2 Rd8 47. h4 Rb8 48. Kb2 a4 49. Nf6+ Kh8 50. Nxh5 Rxb3+ 51. Kc2 Bf2 52. Bc6 Bxg3 53. Bxa4 Rb4 54. Nxg3 Rxa4 55. Kb3 Ra8 56. Ne4 Rg8 57. Nxc5 Kg7 58. h5 Rh8 59. h6+ Kg6 60. Ne4 Re8 61. Nd6 Re6 62. c5 f6 63. gxf6 Rxf6 64. Kb4 Kxh6 65. Kb5 Kh7 66. Kc6 Kg7 67. Kd7 Kf8 68. c6 Rg6 69. Nf5 Rxc6 70. Kxc6 1/2-1/2

[Event "Sparkassen-Open J"]
[Site "Heusenstamm, Martinsee"]
[Date "2023.11.25"]
[Round "2.22"]
[White "Wolf, Aurelia"]
[Black "Zhang, Hengrui"]
[Result "0-1"]
[WhiteElo "894"]
[BlackElo "1113"]
[PlyCount "84"]
[EventDate "2023.??.??"]
[WhiteTeam "SK Bad Homburg 1927"]
[BlackTeam "Sfr.Mainz 1928"]

1. e4 e6 2. d4 d5 3. e5 c5 4. c3 Nc6 5. Ne2 Qb6 6. g3 Bd7 7. Bg2 Nge7 8. O-O g6 9. f4 Bg7 10. Nd2 cxd4 11. cxd4 Nxd4 12. Nxd4 Qxd4+ 13. Kh1 Bb5 14. Re1 Nc6 15. Nb3 Qxd1 16. Rxd1 O-O-O 17. Be3 b6 18. Rac1 Kb7 19. Rd2 f6 20. exf6 Bxf6 21. Nd4 Nxd4 22. Bxd4 Bxd4 23. Rxd4 Kb8 24. Bh3 Rhe8 25. Re1 Rd6 26. Rdd1 d4 27. Rc1 d3 28. Rcd1 d2 29. Re5 Bd3 30. Re3 Bc2 31. Rg1 d1=Q 32. Rxd1 Rxd1+ 33. Kg2 Rd2+ 34. Kf1 Bd3+ 35. Ke1 Rxh2 36. Bxe6 Re2+ 37. Kd1 Rxe3 38. Bg4 Be2+ 39. Bxe2 Rxe2 40. Kc1 Rh2 41. Kd1 Re3 42. Kc1 Re1# 0-1

[Event "Sparkassen-Open J"]
[Site "Heusenstamm, Martinsee"]
[Date "2023.11.25"]
[Round "2.23"]
[White "Xu, Dorothea Sicheng"]
[Black "Zhang, Mairui"]
[Result "0-1"]
[WhiteElo "1051"]
[BlackElo "898"]
[PlyCount "130"]
[EventDate "2023.??.??"]
[WhiteTeam "SK Bad Homburg 1927"]
[BlackTeam "Sfr.Mainz 1928"]

1. e4 e6 2. d4 d5 3. Nc3 c5 4. Nf3 cxd4 5. Nxd4 Bc5 6. Be3 Nf6 7. Bd3 b6 8. e5 Nfd7 9. O-O Nxe5 10. Bb5+ Ned7 11. Qg4 O-O 12. Bh6 Qf6 13. Be3 Ne5 14. Qg3 Nc4 15. Nc6 Nxc6 16. Bxc6 Rb8 17. Bf4 e5 18. Bxd5 exf4 19. Qd3 Nxb2 20. Qf3 Bd4 21. Ne4 Qe5 22. Bb3 Be6 23. c3 Bc5 24. Nxc5 bxc5 25. Rab1 Bxb3 26. axb3 Rxb3 27. Rfe1 Qf6 28. Rec1 Rfb8 29. Qe4 h6 30. Ra1 a6 31. h3 f3 32. Qxf3 Qxf3 33. gxf3 Nd3 34. Rd1 Rxc3 35. Rxa6 Rc1 36. Rxc1 Nxc1 37. Ra1 Nb3 38. Ra2 Rb5 39. Kf1 Ra5 40. Rb2 Ra1+ 41. Ke2 Ra2 42. Rxa2 Nc1+ 43. Kd2 Nxa2 44. Kc2 Nb4+ 45. Kc1 f5 46. h4 g5 47. hxg5 hxg5 48. Kb1 Nd3 49. Kc2 Nxf2 50. Kc3 g4 51. fxg4 fxg4 52. Kc4 g3 53. Kxc5 g2 54. Kd4 g1=Q 55. Kc4 Qd1 56. Kc3 Ne4+ 57. Kc4 Qd2 58. Kb3 Qc1 59. Kb4 Qc2 60. Kb5 Qc3 61. Kb6 Qc4 62. Kb7 Qc5 63. Kb8 Qe7 64. Kc8 Nc5 65. Kb8 Qb7# 0-1